=LDR 00000nam 2200000 4500 =001 INLIS000000000021571 =005 20130612120423 =008 ***********************************Ind** =035 ##$$0010-061300000021571 =041 ##$$a Ind =082 ##$$a 353.000 72 =090 ##$$a 353.000 72, Ndr m =100 ##$$a Ndraha, Taliziduhu =245 ##$$a Metodologi pemerintah indonesia, Drs. Taliziduhu Ndraha =260 ##$$a 1981 $b Jakarta =300 ##$$a xvi, 626 hlm, ilus, 21 cm =650 ##$$a Penerintah Indonesia =850 ##$$a NBPNMAT